Nimeä Haka-pelaajia kuvan perusteella - Statistics

Yleistilastot
  • Tätä visaa on pelattu 11 kertaa
  • Keskiarvotulos 8 / 16
Vastaustilastot
Kuvavisa Vastaus % Oikein
Mika-Matti Paatelainen
100%
Olli Huttunen
100%
Teemu Tainio
100%
Valeri Popovits
100%
Matti Paatelainen
60%
Esko Malm
40%
Harri Ylönen
40%
Jussi Nuorela
40%
Jussi Peltonen
40%
Kalle Multanen
40%
Lasse Karjalainen
40%
Niklas Friberg
40%
Salomo Ojala
40%
Esko Ranta
20%
Jarno Mattila
20%
Juuso Kangaskorpi
20%
Ehtoja vastaavia visoja ei löytynyt
Tulosjakauma
Jokaisen tuloksen saaneiden osuus
Persentiili vastausten määrän mukaan
Tuloshistoriasi
Et ole pelannut tätä visaa